000 00752nam a2200241 i 4500
001 136189
003 ES-MaACL
005 20230906195045.0
007 t|
008 070214s1985 sp r ||||1| spa d
020 _a84-86421-02-0
100 1 _aSabatas, Juan.
_9101162
245 1 0 _aIVA
_b: manual para profesionales, comerciantes y empresarios /
_cJuan Sabatas, Francisco Villavicencio.
250 _a1ª. ed.
260 _aBarcelona :
_bTibidabo,
_c1985.
300 _a184 p. ;
_c19 cm.
490 1 _aConocer a tiempo
650 4 _aImpuesto sobre el valor añadido-
_zEspaña.
_9160345
700 1 _aVillavicencio, Francisco.
_9115190
830 0 _aConocer a tiempo
_9184573
852 _aES-MaACL
_jL-9546
_bR.110364
999 _c136189
_d136189